<?xml version="1.0" encoding="UTF-8"?>
<record
    xmlns:xsi="http://www.w3.org/2001/XMLSchema-instance"
    xsi:schemaLocation="http://www.loc.gov/MARC21/slim http://www.loc.gov/standards/marcxml/schema/MARC21slim.xsd"
    xmlns="http://www.loc.gov/MARC21/slim">

  <leader>05479njm0a2200541   4500</leader>
  <controlfield tag="001">RU\NLR\ONIZ\265778</controlfield>
  <controlfield tag="005">20250708193358.0</controlfield>
  <datafield tag="035" ind1=" " ind2=" ">
    <subfield code="a">(NLR Aleph) 012765897</subfield>
  </datafield>
  <datafield tag="071" ind1="0" ind2="0">
    <subfield code="a">&#x414;-012493-4</subfield>
  </datafield>
  <datafield tag="090" ind1=" " ind2=" ">
    <subfield code="a">13284480</subfield>
    <subfield code="c">13284480</subfield>
  </datafield>
  <datafield tag="100" ind1=" " ind2=" ">
    <subfield code="a">20220411g19      |||y0rusy50      ca</subfield>
  </datafield>
  <datafield tag="102" ind1=" " ind2=" ">
    <subfield code="a">RU</subfield>
  </datafield>
  <datafield tag="126" ind1=" " ind2=" ">
    <subfield code="a">abaxdxu      ux</subfield>
    <subfield code="b">xxx</subfield>
  </datafield>
  <datafield tag="127" ind1=" " ind2=" ">
    <subfield code="a">000030</subfield>
  </datafield>
  <datafield tag="200" ind1="1" ind2=" ">
    <subfield code="a">[&#x41F;&#x43E;&#x451;&#x442;] &#x413;&#x430;&#x43B;&#x438;&#x43D;&#x430; &#x412;&#x438;&#x448;&#x43D;&#x435;&#x432;&#x441;&#x43A;&#x430;&#x44F;</subfield>
    <subfield code="b">&#x417;&#x432;&#x443;&#x43A;&#x43E;&#x437;&#x430;&#x43F;&#x438;&#x441;&#x44C;</subfield>
  </datafield>
  <datafield tag="203" ind1=" " ind2=" ">
    <subfield code="a">&#x41C;&#x443;&#x437;&#x44B;&#x43A;&#x430;</subfield>
    <subfield code="b">&#x438;&#x441;&#x43F;&#x43E;&#x43B;&#x43D;&#x438;&#x442;&#x435;&#x43B;&#x44C;&#x441;&#x43A;&#x430;&#x44F;</subfield>
    <subfield code="c">&#x430;&#x443;&#x434;&#x438;&#x43E;</subfield>
  </datafield>
  <datafield tag="210" ind1=" " ind2=" ">
    <subfield code="a">&#x41B;&#x435;&#x43D;&#x438;&#x43D;&#x433;&#x440;&#x430;&#x434;</subfield>
    <subfield code="c">&#x410;&#x43A;&#x43A;&#x43E;&#x440;&#x434;</subfield>
    <subfield code="d">[19--]</subfield>
  </datafield>
  <datafield tag="215" ind1=" " ind2=" ">
    <subfield code="a">1 &#x433;&#x440;&#x43F;. [&#x413;&#x41E;&#x421;&#x422; 5289-56] (30 &#x43C;&#x438;&#x43D;) : 33 &#x43E;&#x431;/&#x43C;&#x438;&#x43D;, &#x43C;&#x43E;&#x43D;&#x43E;</subfield>
    <subfield code="d">25 &#x441;&#x43C;, &#x432; &#x43A;&#x43E;&#x43D;&#x432;</subfield>
  </datafield>
  <datafield tag="327" ind1="1" ind2=" ">
    <subfield code="a">1. &#x414;&#x432;&#x435; &#x430;&#x440;&#x438;&#x438; &#x41C;&#x430;&#x440;&#x444;&#x44B; : &#x438;&#x437; &#x43E;&#x43F;&#x435;&#x440;&#x44B; "&#x426;&#x430;&#x440;&#x441;&#x43A;&#x430;&#x44F; &#x43D;&#x435;&#x432;&#x435;&#x441;&#x442;&#x430;", &#x434;. 2, 4 / &#x41D;. &#x420;&#x438;&#x43C;&#x441;&#x43A;&#x438;&#x439;-&#x41A;&#x43E;&#x440;&#x441;&#x430;&#x43A;&#x43E;&#x432;.</subfield>
    <subfield code="a">2. &#x41A;&#x43E;&#x43B;&#x44B;&#x431;&#x435;&#x43B;&#x44C;&#x43D;&#x430;&#x44F; &#x41C;&#x430;&#x440;&#x438;&#x438; : &#x438;&#x437; &#x43E;&#x43F;&#x435;&#x440;&#x44B; "&#x41C;&#x430;&#x437;&#x435;&#x43F;&#x430;", &#x434;. 3 / &#x41F;. &#x427;&#x430;&#x439;&#x43A;&#x43E;&#x432;&#x441;&#x43A;&#x438;&#x439; ;</subfield>
    <subfield code="a">3. &#x410;&#x440;&#x438;&#x43E;&#x437;&#x43E; &#x41A;&#x443;&#x43C;&#x44B; : &#x438;&#x437; &#x43E;&#x43F;&#x435;&#x440;&#x44B; "&#x427;&#x430;&#x440;&#x43E;&#x434;&#x435;&#x439;&#x43A;&#x430;", &#x434;. 4 / &#x41F;. &#x427;&#x430;&#x439;&#x43A;&#x43E;&#x432;&#x441;&#x43A;&#x438;&#x439;.</subfield>
    <subfield code="a">4. &#x410;&#x440;&#x438;&#x43E;&#x437;&#x43E; &#x41D;&#x430;&#x442;&#x430;&#x448;&#x438; : &#x438;&#x437; &#x43E;&#x43F;&#x435;&#x440;&#x44B; "&#x41E;&#x43F;&#x440;&#x438;&#x447;&#x43D;&#x438;&#x43A;", &#x434;. 1.</subfield>
    <subfield code="a">5. &#x410;&#x440;&#x438;&#x43E;&#x437;&#x43E; &#x418;&#x43E;&#x43B;&#x430;&#x43D;&#x442;&#x44B; : &#x438;&#x437; &#x43E;&#x43F;&#x435;&#x440;&#x44B; "&#x418;&#x43E;&#x43B;&#x430;&#x43D;&#x442;&#x430;" / &#x41F;. &#x427;&#x430;&#x439;&#x43A;&#x43E;&#x432;&#x441;&#x43A;&#x438;&#x439; ;</subfield>
    <subfield code="a">6. &#x414;&#x432;&#x430; &#x430;&#x440;&#x438;&#x43E;&#x437;&#x43E; &#x41B;&#x438;&#x437;&#x44B; : &#x438;&#x437; &#x43E;&#x43F;&#x435;&#x440;&#x44B; "&#x41F;&#x438;&#x43A;&#x43E;&#x432;&#x430;&#x44F; &#x434;&#x430;&#x43C;&#x430;", &#x434;. 1, 3 / &#x41F;. &#x427;&#x430;&#x439;&#x43A;&#x43E;&#x432;&#x441;&#x43A;&#x438;&#x439; ;</subfield>
    <subfield code="a">7. &#x410;&#x440;&#x438;&#x44F; &#x418;&#x43E;&#x430;&#x43D;&#x43D;&#x44B; : &#x438;&#x437; &#x43E;&#x43F;&#x435;&#x440;&#x44B; "&#x41E;&#x440;&#x43B;&#x435;&#x430;&#x43D;&#x441;&#x43A;&#x430;&#x44F; &#x434;&#x435;&#x432;&#x430;", &#x434;. 1 / &#x41F;. &#x427;&#x430;&#x439;&#x43A;&#x43E;&#x432;&#x441;&#x43A;&#x438;&#x439; ; &#x441;&#x43E;&#x43F;&#x440;&#x43E;&#x432;&#x43E;&#x436;&#x434;&#x430;&#x435;&#x442; : &#x41E;&#x440;&#x43A;&#x435;&#x441;&#x442;&#x440; &#x411;&#x43E;&#x43B;&#x44C;&#x448;&#x43E;&#x433;&#x43E; &#x442;&#x435;&#x430;&#x442;&#x440;&#x430; &#x421;&#x421;&#x421;&#x420;, &#x434;&#x438;&#x440;&#x438;&#x436;&#x451;&#x440;&#x44B; &#x411;. &#x425;&#x430;&#x439;&#x43A;&#x438;&#x43D; (1-5, 7), &#x410;. &#x41C;&#x435;&#x43B;&#x438;&#x43A;-&#x41F;&#x430;&#x448;&#x430;&#x435;&#x432; (6)</subfield>
  </datafield>
  <datafield tag="464" ind1=" " ind2="0">
    <subfield code="1">2001#$a&#x414;&#x432;&#x435; &#x430;&#x440;&#x438;&#x438; &#x41C;&#x430;&#x440;&#x444;&#x44B;$e&#x438;&#x437; &#x43E;&#x43F;&#x435;&#x440;&#x44B; "&#x426;&#x430;&#x440;&#x441;&#x43A;&#x430;&#x44F; &#x43D;&#x435;&#x432;&#x435;&#x441;&#x442;&#x430;", &#x434;. 2, 4$f&#x41D;. &#x420;&#x438;&#x43C;&#x441;&#x43A;&#x438;&#x439;-&#x41A;&#x43E;&#x440;&#x441;&#x430;&#x43A;&#x43E;&#x432;</subfield>
    <subfield code="1">50000$a&#x426;&#x430;&#x440;&#x441;&#x43A;&#x430;&#x44F; &#x43D;&#x435;&#x432;&#x435;&#x441;&#x442;&#x430;$i&#x414;&#x432;&#x435; &#x430;&#x440;&#x438;&#x438; &#x41C;&#x430;&#x440;&#x444;&#x44B;, &#x434;. 2, 4$b&#x417;&#x432;&#x443;&#x43A;&#x43E;&#x437;&#x430;&#x43F;&#x438;&#x441;&#x44C;$l&#x43E;&#x43F;&#x435;&#x440;&#x430;$r&#x43E;&#x440;&#x43A;&#x435;&#x441;&#x442;&#x440;$r&#x441;&#x43E;&#x43F;&#x440;&#x430;&#x43D;&#x43E;</subfield>
    <subfield code="t">&#x414;&#x432;&#x435; &#x430;&#x440;&#x438;&#x438; &#x41C;&#x430;&#x440;&#x444;&#x44B;</subfield>
  </datafield>
  <datafield tag="464" ind1=" " ind2="0">
    <subfield code="1">2001#$a&#x41A;&#x43E;&#x43B;&#x44B;&#x431;&#x435;&#x43B;&#x44C;&#x43D;&#x430;&#x44F; &#x41C;&#x430;&#x440;&#x438;&#x438;$e&#x438;&#x437; &#x43E;&#x43F;&#x435;&#x440;&#x44B; "&#x41C;&#x430;&#x437;&#x435;&#x43F;&#x430;", &#x434;. 3$f&#x41F;. &#x427;&#x430;&#x439;&#x43A;&#x43E;&#x432;&#x441;&#x43A;&#x438;&#x439;</subfield>
    <subfield code="1">50000$a&#x41C;&#x430;&#x437;&#x435;&#x43F;&#x430;$i&#x41A;&#x43E;&#x43B;&#x44B;&#x431;&#x435;&#x43B;&#x44C;&#x43D;&#x430;&#x44F; &#x41C;&#x430;&#x440;&#x438;&#x438;, &#x434;. 3$b&#x417;&#x432;&#x443;&#x43A;&#x43E;&#x437;&#x430;&#x43F;&#x438;&#x441;&#x44C;$l&#x43E;&#x43F;&#x435;&#x440;&#x430;$r&#x43E;&#x440;&#x43A;&#x435;&#x441;&#x442;&#x440;$r&#x441;&#x43E;&#x43F;&#x440;&#x430;&#x43D;&#x43E;</subfield>
    <subfield code="t">&#x41A;&#x43E;&#x43B;&#x44B;&#x431;&#x435;&#x43B;&#x44C;&#x43D;&#x430;&#x44F; &#x41C;&#x430;&#x440;&#x438;&#x438;</subfield>
  </datafield>
  <datafield tag="464" ind1=" " ind2="0">
    <subfield code="1">2001#$a&#x410;&#x440;&#x438;&#x43E;&#x437;&#x43E; &#x41A;&#x443;&#x43C;&#x44B;$e&#x438;&#x437; &#x43E;&#x43F;&#x435;&#x440;&#x44B; "&#x427;&#x430;&#x440;&#x43E;&#x434;&#x435;&#x439;&#x43A;&#x430;", &#x434;. 4$f&#x41F;. &#x427;&#x430;&#x439;&#x43A;&#x43E;&#x432;&#x441;&#x43A;&#x438;&#x439;</subfield>
    <subfield code="1">50000$a&#x427;&#x430;&#x440;&#x43E;&#x434;&#x435;&#x439;&#x43A;&#x430;$i&#x410;&#x440;&#x438;&#x43E;&#x437;&#x43E; &#x41A;&#x443;&#x43C;&#x44B;, &#x434;. 4$b&#x417;&#x432;&#x443;&#x43A;&#x43E;&#x437;&#x430;&#x43F;&#x438;&#x441;&#x44C;$l&#x43E;&#x43F;&#x435;&#x440;&#x430;$r&#x43E;&#x440;&#x43A;&#x435;&#x441;&#x442;&#x440;$r&#x441;&#x43E;&#x43F;&#x440;&#x430;&#x43D;&#x43E;</subfield>
    <subfield code="t">&#x410;&#x440;&#x438;&#x43E;&#x437;&#x43E; &#x41A;&#x443;&#x43C;&#x44B;</subfield>
  </datafield>
  <datafield tag="464" ind1=" " ind2="0">
    <subfield code="1">2001#$a&#x410;&#x440;&#x438;&#x43E;&#x437;&#x43E; &#x41D;&#x430;&#x442;&#x430;&#x448;&#x438;$e&#x438;&#x437; &#x43E;&#x43F;&#x435;&#x440;&#x44B; "&#x41E;&#x43F;&#x440;&#x438;&#x447;&#x43D;&#x438;&#x43A;", &#x434;. 1$f&#x41F;. &#x427;&#x430;&#x439;&#x43A;&#x43E;&#x432;&#x441;&#x43A;&#x438;&#x439;</subfield>
    <subfield code="1">50000$a&#x41E;&#x43F;&#x440;&#x438;&#x447;&#x43D;&#x438;&#x43A;$i&#x410;&#x440;&#x438;&#x43E;&#x437;&#x43E; &#x41D;&#x430;&#x442;&#x430;&#x448;&#x438;, &#x434;. 1$b&#x417;&#x432;&#x443;&#x43A;&#x43E;&#x437;&#x430;&#x43F;&#x438;&#x441;&#x44C;$l&#x43E;&#x43F;&#x435;&#x440;&#x430;$r&#x43E;&#x440;&#x43A;&#x435;&#x441;&#x442;&#x440;$r&#x441;&#x43E;&#x43F;&#x440;&#x430;&#x43D;&#x43E;</subfield>
    <subfield code="1">700#1$9z01790$a&#x427;&#x430;&#x439;&#x43A;&#x43E;&#x432;&#x441;&#x43A;&#x438;&#x439;$b&#x41F;. &#x418;.$g&#x41F;&#x435;&#x442;&#x440; &#x418;&#x43B;&#x44C;&#x438;&#x447;$f1840-1893$4230$7ca</subfield>
    <subfield code="1">790#1$9z01700$a&#x10C;ajkovskij$bP. I.$gPetr Il`i&#x10D;$f1840-1893$4230$7ba</subfield>
    <subfield code="t">&#x410;&#x440;&#x438;&#x43E;&#x437;&#x43E; &#x41D;&#x430;&#x442;&#x430;&#x448;&#x438;</subfield>
    <subfield code="a">&#x427;&#x430;&#x439;&#x43A;&#x43E;&#x432;&#x441;&#x43A;&#x438;&#x439;, &#x41F;&#x435;&#x442;&#x440; &#x418;&#x43B;&#x44C;&#x438;&#x447; (1840-1893)</subfield>
  </datafield>
  <datafield tag="464" ind1=" " ind2="0">
    <subfield code="1">2001#$a&#x410;&#x440;&#x438;&#x43E;&#x437;&#x43E; &#x418;&#x43E;&#x43B;&#x430;&#x43D;&#x442;&#x44B;$e&#x438;&#x437; &#x43E;&#x43F;&#x435;&#x440;&#x44B; "&#x418;&#x43E;&#x43B;&#x430;&#x43D;&#x442;&#x430;"$f&#x41F;. &#x427;&#x430;&#x439;&#x43A;&#x43E;&#x432;&#x441;&#x43A;&#x438;&#x439;</subfield>
    <subfield code="1">50000$a&#x418;&#x43E;&#x43B;&#x430;&#x43D;&#x442;&#x430;$i&#x410;&#x440;&#x438;&#x43E;&#x437;&#x43E; &#x418;&#x43E;&#x43B;&#x430;&#x43D;&#x442;&#x44B;$b&#x417;&#x432;&#x443;&#x43A;&#x43E;&#x437;&#x430;&#x43F;&#x438;&#x441;&#x44C;$l&#x43E;&#x43F;&#x435;&#x440;&#x430;$r&#x43E;&#x440;&#x43A;&#x435;&#x441;&#x442;&#x440;$r&#x441;&#x43E;&#x43F;&#x440;&#x430;&#x43D;&#x43E;</subfield>
    <subfield code="t">&#x410;&#x440;&#x438;&#x43E;&#x437;&#x43E; &#x418;&#x43E;&#x43B;&#x430;&#x43D;&#x442;&#x44B;</subfield>
  </datafield>
  <datafield tag="464" ind1=" " ind2="0">
    <subfield code="1">2001#$a&#x414;&#x432;&#x430; &#x430;&#x440;&#x438;&#x43E;&#x437;&#x43E; &#x41B;&#x438;&#x437;&#x44B;$e&#x438;&#x437; &#x43E;&#x43F;&#x435;&#x440;&#x44B; "&#x41F;&#x438;&#x43A;&#x43E;&#x432;&#x430;&#x44F; &#x434;&#x430;&#x43C;&#x430;", &#x434;. 1, 3$f&#x41F;. &#x427;&#x430;&#x439;&#x43A;&#x43E;&#x432;&#x441;&#x43A;&#x438;&#x439;</subfield>
    <subfield code="1">50000$a&#x41F;&#x438;&#x43A;&#x43E;&#x432;&#x430;&#x44F; &#x434;&#x430;&#x43C;&#x430;$i&#x414;&#x432;&#x430; &#x430;&#x440;&#x438;&#x43E;&#x437;&#x43E; &#x41B;&#x438;&#x437;&#x44B;, &#x434;. 1, 3$b&#x417;&#x432;&#x443;&#x43A;&#x43E;&#x437;&#x430;&#x43F;&#x438;&#x441;&#x44C;$l&#x43E;&#x43F;&#x435;&#x440;&#x430;$r&#x43E;&#x440;&#x43A;&#x435;&#x441;&#x442;&#x440;$r&#x441;&#x43E;&#x43F;&#x440;&#x430;&#x43D;&#x43E;</subfield>
    <subfield code="t">&#x414;&#x432;&#x430; &#x430;&#x440;&#x438;&#x43E;&#x437;&#x43E; &#x41B;&#x438;&#x437;&#x44B;</subfield>
  </datafield>
  <datafield tag="464" ind1=" " ind2="0">
    <subfield code="1">2001#$a&#x410;&#x440;&#x438;&#x44F; &#x418;&#x43E;&#x430;&#x43D;&#x43D;&#x44B;$e&#x438;&#x437; &#x43E;&#x43F;&#x435;&#x440;&#x44B; "&#x41E;&#x440;&#x43B;&#x435;&#x430;&#x43D;&#x441;&#x43A;&#x430;&#x44F; &#x434;&#x435;&#x432;&#x430;", &#x434;. 1$f&#x41F;. &#x427;&#x430;&#x439;&#x43A;&#x43E;&#x432;&#x441;&#x43A;&#x438;&#x439;$g&#x441;&#x43E;&#x43F;&#x440;&#x43E;&#x432;&#x43E;&#x436;&#x434;&#x430;&#x435;&#x442; : &#x41E;&#x440;&#x43A;&#x435;&#x441;&#x442;&#x440; &#x411;&#x43E;&#x43B;&#x44C;&#x448;&#x43E;&#x433;&#x43E; &#x442;&#x435;&#x430;&#x442;&#x440;&#x430; &#x421;&#x421;&#x421;&#x420;, &#x434;&#x438;&#x440;&#x438;&#x436;&#x451;&#x440;&#x44B; &#x411;. &#x425;&#x430;&#x439;&#x43A;&#x438;&#x43D; (1-5, 7), &#x410;. &#x41C;&#x435;&#x43B;&#x438;&#x43A;-&#x41F;&#x430;&#x448;&#x430;&#x435;&#x432; (6)</subfield>
    <subfield code="1">50000$a&#x41E;&#x440;&#x43B;&#x435;&#x430;&#x43D;&#x441;&#x43A;&#x430;&#x44F; &#x434;&#x435;&#x432;&#x430;$i&#x410;&#x440;&#x438;&#x44F; &#x418;&#x43E;&#x430;&#x43D;&#x43D;&#x44B;, &#x434;. 1$b&#x417;&#x432;&#x443;&#x43A;&#x43E;&#x437;&#x430;&#x43F;&#x438;&#x441;&#x44C;$l&#x43E;&#x43F;&#x435;&#x440;&#x430;$r&#x43E;&#x440;&#x43A;&#x435;&#x441;&#x442;&#x440;$r&#x441;&#x43E;&#x43F;&#x440;&#x430;&#x43D;&#x43E;</subfield>
    <subfield code="t">&#x410;&#x440;&#x438;&#x44F; &#x418;&#x43E;&#x430;&#x43D;&#x43D;&#x44B;</subfield>
  </datafield>
  <datafield tag="606" ind1="1" ind2=" ">
    <subfield code="a">&#x421;&#x43E;&#x43F;&#x440;&#x430;&#x43D;&#x43E; &#x441;&#x43E;&#x432;&#x435;&#x442;&#x441;&#x43A;&#x438;&#x435; &#x440;&#x43E;&#x441;&#x441;&#x438;&#x439;&#x441;&#x43A;&#x438;&#x435;</subfield>
    <subfield code="z">19-20 &#x432;&#x432;.</subfield>
    <subfield code="j">&#x417;&#x432;&#x443;&#x43A;&#x43E;&#x437;&#x430;&#x43F;&#x438;&#x441;&#x44C;</subfield>
    <subfield code="2">nlr_sh</subfield>
  </datafield>
  <datafield tag="606" ind1="1" ind2=" ">
    <subfield code="a">&#x410;&#x440;&#x438;&#x438; &#x438;&#x437; &#x43E;&#x43F;&#x435;&#x440; &#x434;&#x43B;&#x44F; &#x441;&#x43E;&#x43F;&#x440;&#x430;&#x43D;&#x43E;</subfield>
    <subfield code="j">&#x417;&#x432;&#x443;&#x43A;&#x43E;&#x437;&#x430;&#x43F;&#x438;&#x441;&#x44C;</subfield>
    <subfield code="2">nlr_sh</subfield>
  </datafield>
  <datafield tag="606" ind1="1" ind2=" ">
    <subfield code="a">&#x414;&#x438;&#x440;&#x438;&#x436;&#x451;&#x440;&#x44B; &#x441;&#x43E;&#x432;&#x435;&#x442;&#x441;&#x43A;&#x438;&#x435; &#x440;&#x43E;&#x441;&#x441;&#x438;&#x439;&#x441;&#x43A;&#x438;&#x435;</subfield>
    <subfield code="z">20-21 &#x432;&#x432;.</subfield>
    <subfield code="j">&#x417;&#x432;&#x443;&#x43A;&#x43E;&#x437;&#x430;&#x43F;&#x438;&#x441;&#x44C;</subfield>
    <subfield code="2">nlr_sh</subfield>
  </datafield>
  <datafield tag="606" ind1="1" ind2=" ">
    <subfield code="a">&#x421;&#x438;&#x43C;&#x444;&#x43E;&#x43D;&#x438;&#x447;&#x435;&#x441;&#x43A;&#x438;&#x435; &#x43E;&#x440;&#x43A;&#x435;&#x441;&#x442;&#x440;&#x44B; &#x441;&#x43E;&#x432;&#x435;&#x442;&#x441;&#x43A;&#x438;&#x435; &#x440;&#x43E;&#x441;&#x441;&#x438;&#x439;&#x441;&#x43A;&#x438;&#x435;</subfield>
    <subfield code="z">19-20 &#x432;&#x432;.</subfield>
    <subfield code="j">&#x417;&#x432;&#x443;&#x43A;&#x43E;&#x437;&#x430;&#x43F;&#x438;&#x441;&#x44C;</subfield>
    <subfield code="2">nlr_sh</subfield>
  </datafield>
  <datafield tag="606" ind1="1" ind2=" ">
    <subfield code="a">&#x410;&#x440;&#x438;&#x438; &#x438;&#x437; &#x43E;&#x43F;&#x435;&#x440; &#x440;&#x443;&#x441;&#x441;&#x43A;&#x438;&#x445; &#x43A;&#x43E;&#x43C;&#x43F;&#x43E;&#x437;&#x438;&#x442;&#x43E;&#x440;&#x43E;&#x432; &#x434;&#x43B;&#x44F; &#x441;&#x43E;&#x43F;&#x440;&#x430;&#x43D;&#x43E;</subfield>
    <subfield code="z">19 &#x432;&#x435;&#x43A;</subfield>
    <subfield code="j">&#x417;&#x432;&#x443;&#x43A;&#x43E;&#x437;&#x430;&#x43F;&#x438;&#x441;&#x44C;</subfield>
    <subfield code="2">nlr_sh</subfield>
  </datafield>
  <datafield tag="686" ind1="0" ind2=" ">
    <subfield code="a">&#x429;943.1, 8(2)</subfield>
  </datafield>
  <datafield tag="686" ind1="0" ind2=" ">
    <subfield code="a">&#x429;943.1-071&#x44F;43(28)</subfield>
  </datafield>
  <datafield tag="700" ind1=" " ind2="1">
    <subfield code="9">z04790</subfield>
    <subfield code="a">&#x412;&#x438;&#x448;&#x43D;&#x435;&#x432;&#x441;&#x43A;&#x430;&#x44F;</subfield>
    <subfield code="b">&#x413;. &#x41F;.</subfield>
    <subfield code="c">&#x441;&#x43E;&#x43F;&#x440;&#x430;&#x43D;&#x43E;</subfield>
    <subfield code="f">1926-2012</subfield>
    <subfield code="g">&#x413;&#x430;&#x43B;&#x438;&#x43D;&#x430; &#x41F;&#x430;&#x432;&#x43B;&#x43E;&#x432;&#x43D;&#x430;</subfield>
    <subfield code="4">590</subfield>
    <subfield code="4">vso</subfield>
    <subfield code="7">ca</subfield>
  </datafield>
  <datafield tag="702" ind1=" " ind2="1">
    <subfield code="9">z05790</subfield>
    <subfield code="a">&#x41C;&#x435;&#x43B;&#x438;&#x43A;-&#x41F;&#x430;&#x448;&#x430;&#x435;&#x432;</subfield>
    <subfield code="b">&#x410;. &#x428;.</subfield>
    <subfield code="f">1905-1964</subfield>
    <subfield code="g">&#x410;&#x43B;&#x435;&#x43A;&#x441;&#x430;&#x43D;&#x434;&#x440; &#x428;&#x430;&#x43C;&#x438;&#x43B;&#x44C;&#x435;&#x432;&#x438;&#x447;</subfield>
    <subfield code="4">250</subfield>
  </datafield>
  <datafield tag="702" ind1=" " ind2="1">
    <subfield code="9">z06790</subfield>
    <subfield code="a">&#x425;&#x430;&#x439;&#x43A;&#x438;&#x43D;</subfield>
    <subfield code="b">&#x411;.&#x42D;.</subfield>
    <subfield code="c">&#x434;&#x438;&#x440;&#x438;&#x436;&#x435;&#x440;</subfield>
    <subfield code="f">1904-1978</subfield>
    <subfield code="g">&#x411;&#x43E;&#x440;&#x438;&#x441; &#x42D;&#x43C;&#x43C;&#x430;&#x43D;&#x443;&#x438;&#x43B;&#x43E;&#x432;&#x438;&#x447;</subfield>
    <subfield code="4">250</subfield>
    <subfield code="7">ca</subfield>
  </datafield>
  <datafield tag="712" ind1="0" ind2="2">
    <subfield code="a">&#x41E;&#x440;&#x43A;&#x435;&#x441;&#x442;&#x440; &#x411;&#x43E;&#x43B;&#x44C;&#x448;&#x43E;&#x433;&#x43E; &#x442;&#x435;&#x430;&#x442;&#x440;&#x430; &#x421;&#x421;&#x421;&#x420;</subfield>
    <subfield code="4">570</subfield>
    <subfield code="7">ca</subfield>
  </datafield>
  <datafield tag="790" ind1=" " ind2="1">
    <subfield code="9">z04700</subfield>
    <subfield code="a">Vi&#x161;nevskaja</subfield>
    <subfield code="b">G.</subfield>
    <subfield code="f">1926-2012</subfield>
    <subfield code="g">Galina</subfield>
    <subfield code="4">590</subfield>
    <subfield code="4">vso</subfield>
    <subfield code="7">ba</subfield>
  </datafield>
  <datafield tag="790" ind1=" " ind2="1">
    <subfield code="9">z05702</subfield>
    <subfield code="a">Melik-Pa&#x161;aev</subfield>
    <subfield code="b">A.</subfield>
    <subfield code="f">1905-1964</subfield>
    <subfield code="g">Alexander</subfield>
    <subfield code="4">250</subfield>
    <subfield code="7">ba</subfield>
  </datafield>
  <datafield tag="790" ind1=" " ind2="1">
    <subfield code="9">z06702</subfield>
    <subfield code="a">Chajkin</subfield>
    <subfield code="b">B.</subfield>
    <subfield code="f">1904-1978</subfield>
    <subfield code="g">Boris</subfield>
    <subfield code="4">250</subfield>
    <subfield code="7">ba</subfield>
  </datafield>
  <datafield tag="801" ind1=" " ind2="0">
    <subfield code="a">RU</subfield>
    <subfield code="b">NLR</subfield>
    <subfield code="c">20220411</subfield>
    <subfield code="g">PSBO</subfield>
  </datafield>
  <datafield tag="801" ind1=" " ind2="1">
    <subfield code="a">RU</subfield>
    <subfield code="b">NLR</subfield>
    <subfield code="c">20220411</subfield>
    <subfield code="2">rusmarc</subfield>
  </datafield>
  <datafield tag="801" ind1=" " ind2="2">
    <subfield code="a">RU</subfield>
    <subfield code="b">NLR</subfield>
    <subfield code="c">20220412</subfield>
  </datafield>
  <datafield tag="852" ind1=" " ind2=" ">
    <subfield code="a">NLR</subfield>
    <subfield code="b">&#x41C;&#x433;</subfield>
    <subfield code="j">3/546</subfield>
    <subfield code="p">1738</subfield>
    <subfield code="t">1</subfield>
  </datafield>
  <datafield tag="942" ind1=" " ind2=" ">
    <subfield code="c">REC</subfield>
  </datafield>
  <datafield tag="980" ind1=" " ind2=" ">
    <subfield code="a">NB</subfield>
  </datafield>
  <datafield tag="980" ind1=" " ind2=" ">
    <subfield code="a">ONIZ</subfield>
  </datafield>
  <datafield tag="995" ind1=" " ind2=" ">
    <subfield code="5">2022-04-11</subfield>
    <subfield code="b">NLR01</subfield>
    <subfield code="c">NLR01</subfield>
    <subfield code="e">ONIZ</subfield>
    <subfield code="k">3/546 3/546</subfield>
    <subfield code="o">0</subfield>
    <subfield code="r">REC</subfield>
    <subfield code="s">3546_3546</subfield>
  </datafield>
</record>
